书目信息 |
| 题名: |
年画
|
|
| 作者: | 王树村, , 王海霞, 著 | |
| 分册: | ||
| 出版信息: | 杭州 浙江人民出版社 2005.03 |
|
| 页数: | 211页 | |
| 开本: | 25cm | |
| 丛书名: | 人类口头与非物质文化遗产丛书 | |
| 单 册: | ||
| 中图分类: | J209.2 | |
| 科图分类: | ||
| 主题词: | 年画--nian hua--绘画史--中国 | |
| 电子资源: | ||
| ISBN: | 7-213-02959-2 | |
| 000 | 00937nam 2200253 450 | |
| 001 | 012007906831 | |
| 005 | 20070930154503.59 | |
| 010 | @a7-213-02959-2@dCNY45.00 | |
| 100 | @a20070808d2005 km y0chiy0120 ea | |
| 101 | 0 | @achi |
| 102 | @aCN@b330000 | |
| 105 | @aa z 000yy | |
| 200 | 1 | @a年画@Anian hua@f王树村, 王海霞著@Fwang shu cun,wang hai xia zhu |
| 210 | @a杭州@c浙江人民出版社@d2005.03 | |
| 215 | @a211页@c图 (部分彩图)@d25cm | |
| 225 | 2 | @a人类口头与非物质文化遗产丛书@Aren lei kou tou yu fei wu zhi wen hua yi chan cong shu |
| 330 | @a本书对从汉代以前、两晋至唐五代、宋金元时期、明清时期年画的不断发展和不同特点进行了研究,并阐述了年画的艺术与文化价值。 | |
| 410 | 0 | @12001 @a人类口头与非物质文化遗产丛书 |
| 606 | 0 | @a年画@Anian hua@x绘画史@y中国 |
| 690 | @aJ209.2@v4 | |
| 701 | 0 | @a王树村,@Awang shu cun@f1923- @4著 |
| 701 | 0 | @a王海霞,@Awang hai xia@f1963- @4著 |
| 801 | 0 | @aCN@c20070930 |
| 905 | @dJ209.2@eW350 | |
| 年画/王树村, 王海霞著.-杭州:浙江人民出版社,2005.03 |
| 211页:图 (部分彩图);25cm.-(人类口头与非物质文化遗产丛书) |
| ISBN 7-213-02959-2:CNY45.00 |
| 本书对从汉代以前、两晋至唐五代、宋金元时期、明清时期年画的不断发展和不同特点进行了研究,并阐述了年画的艺术与文化价值。 |
| ● |
| 相关链接 |
|
|
|
正题名:年画
索取号:J209.2/W350
 
预约/预借
| 序号 | 登录号 | 条形码 | 馆藏地/架位号 | 状态 | 备注 |
| 1 | 255512 | 202555127 | 自科二线404/309社科库 67排4列5层/ [索取号:J209.2/W350] | 在馆 | |
| 2 | 255513 | 202555136 | 社科库309/309社科库 67排4列2层/ [索取号:J209.2/W350] | 在馆 | |
| 3 | 255514 | 202555145 | 社科库309/309社科库 67排4列2层/ [索取号:J209.2/W350] | 在馆 |